Au plus noir de la nuit - Anastasia (Paroles) - Statistiques

Statistiques générales
  • Ce quiz a été pris 129 fois
  • Le résultat moyen est 199 sur 257
Statistiques - réponses
Paroles % Correct
à
100%
la
100%
La
100%
Au
99%
de
99%
De
99%
plus
99%
noir
97%
nuit
97%
Le
92%
le
92%
Me
87%
Ce
86%
Ma
86%
se
86%
en
82%
Pour
82%
Que
82%
que
82%
Un
80%
un
80%
une
79%
Moi
78%
moi
78%
quel
78%
Qu'elle
78%
qu'elle
78%
et
76%
Et
76%
l'enfer
75%
les
75%
Mais
74%
74%
C'était
72%
c'était
72%
fille
72%
petite
72%
Petite
72%
cauchemar
71%
s'est
71%
votre
71%
cœur
70%
est
70%
grand
70%
mes
70%
Raspoutine
70%
calvaire
68%
Elle
68%
erreur
68%
fatale
68%
garde
68%
impériale
68%
Russie
68%
s'éveille
68%
soit
68%
enfuie
67%
fin
67%
Fut
67%
ils
67%
mal
67%
mienne
67%
prend
67%
sorcier
67%
être
66%
Faites
66%
J'étais
66%
régner
66%
tous
66%
ai
64%
d'effroi
64%
mignons
64%
ont
64%
j'ai
63%
maître
63%
Quand
63%
remplissait
63%
son
63%
Son
63%
traîtrise
63%
horrible
62%
l'horreur
62%
mon
62%
péris
62%
puisse
62%
sainte
62%
Ania
61%
Debout
61%
l'eau
61%
sort
61%
yeux
61%
corps
59%
grâce
59%
sans
59%
Sera
59%
tout
59%
c'est
58%
ouvert
58%
Trouvez-la
58%
charpie
57%
Maudits
57%
perdu
57%
esprit
55%
J'en
55%
Cologne
54%
écrit
54%
esprits
54%
nous
54%
partait
54%
toi
54%
fini
53%
trépasse
53%
Entre
50%
mains
50%
massage
50%
place
50%
sur
50%
belle
49%
enfin
49%
mette
49%
s'accomplisse
49%
s'efface
49%
image
47%
mort
47%
route
47%
terreur
47%
l'heure
46%
meure
46%
Pas
43%
piège
43%
soir
42%
mourra
41%
Das
39%
nouveau
39%
secours
39%
Appelons
38%
délice
38%
S'empare
37%
Avant
36%
pouvoir
36%
sorties
34%
l'aurore
33%
Vitania
33%
Vengeance
32%
Aucun quiz correspondant
Distribution des résultats
% des personnes avec chaque résultat
Percentile par nombre de réponses
Votre historique - résultats
Vous n’avez pas pris ce quiz